<?xml version="1.0" encoding="UTF-8"?>
<collection xmlns="http://www.loc.gov/MARC21/slim">
 <record>
  <leader>01225pam a22002778a 4500</leader>
  <controlfield tag="001">00021052</controlfield>
  <controlfield tag="005">20171026081023.0</controlfield>
  <controlfield tag="008">110521s2000                  ||||||Viesd</controlfield>
  <datafield tag="020" ind1=" " ind2=" ">
   <subfield code="c">11200</subfield>
  </datafield>
  <datafield tag="041" ind1="0" ind2="#">
   <subfield code="a">Vie</subfield>
  </datafield>
  <datafield tag="082" ind1="1" ind2="4">
   <subfield code="a">621.3</subfield>
   <subfield code="b">K300TH</subfield>
  </datafield>
  <datafield tag="100" ind1="0" ind2="#">
   <subfield code="a">Trần Minh Sơ</subfield>
  </datafield>
  <datafield tag="245" ind1="0" ind2="0">
   <subfield code="a">Kĩ thuật điện 2</subfield>
   <subfield code="b">Giáo trình dùng cho sinh viên các trường Cao đẳng sư phạm</subfield>
   <subfield code="c">Trần Minh Sơ</subfield>
  </datafield>
  <datafield tag="260" ind1="#" ind2="#">
   <subfield code="a">H.</subfield>
   <subfield code="b">Giáo dục</subfield>
   <subfield code="c">2000</subfield>
  </datafield>
  <datafield tag="300" ind1="#" ind2="#">
   <subfield code="a">120 tr.</subfield>
   <subfield code="c">27 cm.</subfield>
  </datafield>
  <datafield tag="500" ind1="#" ind2="#">
   <subfield code="a">Bộ Giáo dục và đào tạo</subfield>
  </datafield>
  <datafield tag="650" ind1="#" ind2="4">
   <subfield code="a">Kĩ thuật điện</subfield>
  </datafield>
  <datafield tag="653" ind1="#" ind2="#">
   <subfield code="a">Giáo trình</subfield>
  </datafield>
  <datafield tag="653" ind1="#" ind2="#">
   <subfield code="a">Máy điện</subfield>
  </datafield>
  <datafield tag="653" ind1="#" ind2="#">
   <subfield code="a">Động cơ điện</subfield>
  </datafield>
  <datafield tag="852" ind1="#" ind2="#">
   <subfield code="b">Kho giáo trình</subfield>
   <subfield code="j">KGT.0010146, KGT.0010147, KGT.0010148, KGT.0010149, KGT.0010150, KGT.0010151, KGT.0010152, KGT.0010153, KGT.0010154, KGT.0010155</subfield>
  </datafield>
  <datafield tag="852" ind1="#" ind2="#">
   <subfield code="b">Kho mượn</subfield>
   <subfield code="j">KGT.0010146</subfield>
  </datafield>
  <datafield tag="852" ind1="#" ind2="#">
   <subfield code="b">Kho đọc</subfield>
   <subfield code="j">KD.0006727</subfield>
  </datafield>
  <datafield tag="852" ind1="#" ind2="#">
   <subfield code="j">KGT.0010146</subfield>
   <subfield code="j">KGT.0010147</subfield>
   <subfield code="j">KGT.0010149</subfield>
   <subfield code="j">KGT.0010150</subfield>
   <subfield code="j">KGT.0010154</subfield>
   <subfield code="j">KGT.0010155</subfield>
   <subfield code="j">KGT.0010153</subfield>
   <subfield code="j">KD.0006727</subfield>
   <subfield code="j">KGT.0049019</subfield>
   <subfield code="j">KGT.0010148</subfield>
   <subfield code="j">KGT.0010151</subfield>
   <subfield code="j">KGT.0010152</subfield>
   <subfield code="j">KGT.0054496</subfield>
  </datafield>
  <datafield tag="910" ind1="0" ind2="#">
   <subfield code="a">Hoa Lê</subfield>
   <subfield code="d">21/05/2011</subfield>
  </datafield>
  <datafield tag="980" ind1="#" ind2="#">
   <subfield code="a">Trung tâm Học liệu Lê Vũ Hùng, Trường Đại học Đồng Tháp</subfield>
  </datafield>
 </record>
</collection>
